A Don Antonio Machado / (Record no. 187250)
[ view plain ]
| 000 -LEADER | |
|---|---|
| campo de control de longitud fija | 00662nam a2200193 i 4500 |
| 001 - NÚMERO DE CONTROL | |
| campo de control | 187250 |
| 003 - IDENTIFICADOR DE NÚMERO DE CONTROL | |
| campo de control | SpMaBN |
| 005 - FECHA Y HORA DE LA ÚLTIMA TRANSACCIÓN | |
| campo de control | 20250628055047.0 |
| 008 - DATOS DE LONGITUD FIJA--INFORMACIÓN GENERAL | |
| campo de control de longitud fija | 170519s1989 fr ac |||| |dspa d |
| 080 ## - NÚMERO DE LA CLASIFICACIÓN DECIMAL UNIVERSAL | |
| Número de la Clasificación Decimal Universal | 821.134.2-14"19" |
| 100 1# - ENTRADA PRINCIPAL--NOMBRE DE PERSONA | |
| Nombre de persona | Clausell Bernat, Carmen. |
| 9 (RLIN) | 39094 |
| 245 10 - MENCIÓN DEL TÍTULO | |
| Título | A Don Antonio Machado / |
| Mención de responsabilidad, etc. | Carmen Clausell-Bernat ; prefacio de Narciso Alba ; ilustraciones de Margarita Giral. |
| 260 ## - PUBLICACIÓN, DISTRIBUCIÓN, ETC. | |
| Lugar de publicación, distribución, etc. | Perpignan : |
| Nombre del editor, distribuidor, etc. | Castillet, |
| Fecha de publicación, distribución, etc. | [1989] |
| 300 ## - DESCRIPCIÓN FÍSICA | |
| Extensión | 89 p. : |
| Otras características físicas | il., retr. ; |
| Dimensiones | 21 cm. |
| 504 ## - NOTA DE BIBLIOGRAFÍA, ETC. | |
| Nota de bibliografía, etc. | Bibliografía: p. 52-61 |
| 700 1# - ENTRADA AGREGADA--NOMBRE PERSONAL | |
| Nombre de persona | Alba, Narciso. |
| 9 (RLIN) | 19193 |
| 852 ## - LOCALIZACIÓN | |
| Ubicación | ES-MaACL |
| Ubicación en estantería | Depósito 2 |
| Donativo/Legado | Donativo José Prat |
| Número de control de estantería | L-31602 |
| 942 ## - ELEMENTOS DE ENTRADA SECUNDARIOS (KOHA) | |
| Fuente del sistema de clasificación o colocación | Clasificación decimal universal |
| Tipo de ítem Koha | Libro impreso |
| Suprimir en OPAC | No |
| Estatus retirado | Estado de pérdida | Estado de daño | No para préstamo | Biblioteca de origen | Biblioteca actual | Ubicación en estantería | Fecha de adquisición | Fuente de adquisición | Total de préstamos | Signatura topográfica completa | Código de barras | Visto por última vez | Precio de reemplazo | Tipo de ítem Koha |
|---|---|---|---|---|---|---|---|---|---|---|---|---|---|---|
| Biblioteca del Ateneo de Madrid | Biblioteca del Ateneo de Madrid | Depósito 2 | 19/05/2017 | L-31602 | 1197600 | 23/02/2023 | 23/02/2023 | Libro impreso |
